| 000 | 00952nas a2200325 4500 | ||
|---|---|---|---|
| 001 | BR9104460 | ||
| 003 | BR-BrBNA | ||
| 005 | 20231205092209.0 | ||
| 007 | ta | ||
| 008 | 230509b bl.|||p| |||| 00| 00por d | ||
| 040 |
_aBR-BrBNA _bpor _cBiblioteca Nacional de Agricultura |
||
| 041 | _a(Pt) | ||
| 072 | _aF04 | ||
| 100 | 1 | _aCosta, N.P. da | |
| 100 | 1 | _aGomes, A. da S. | |
| 100 | 1 | _aPeske, S.T. | |
| 100 | 1 | _aPopinigis, F. | |
| 100 | 1 | _aZonta, E.P. | |
| 245 | 1 | _aInfluencia da adubacao nitrogenada sobre o vigor e conteudo de proteinas de sementes de quatro cultivares de arroz irrigado | |
| 650 | _aARROZ | ||
| 650 | _aSEMENTE | ||
| 650 | _aVARIEDADE | ||
| 650 | _aADUBACAO | ||
| 650 | _aNITROGENIO | ||
| 650 | _aFERTILIZANTE | ||
| 650 | _aPROTEINA | ||
| 773 | 0 |
_tRevista Brasileira de Sementes (Brazil) _xISSN 0101-322 _g(1983), v. 5(1) p. 31-41 _wBR9104460 |
|
| 909 |
_a202311 _bLúcia _c55 _dLúcia Elande |
||
| 942 |
_2AGRIS _n0 _cANA |
||
| 999 |
_c130013 _d130013 |
||